01795 a2200217 4500003000500000005001700005010001600022020001500038040000900053082001200062100002400074245009900098250001200197260004400209300005500253505110300308650001501411942001201426999001901438952012001457Nust20221011130224.0 a 85060981 a0070105197 cNust00a540,MIL1 aMills, Jerry99989010aStudent Solutions manual to accompany Raymond Chang Chemistry /cJerry Mills and Raymond Chang a4th ed. aLexington, Mass. :bD.C. Heath,cc1991. axix, 1023, 60, 16 p. :bill. (some col.) ;c27 cm. achemical foundations(Page-1), Atoms, Molecules and Ions (Page-15), Chemical Reactions I: Chemical Equations and Reactions in Aqueous Solution (Page-38), Chemical Reactions II: Mass Relationships (Page-53), The Gaseous State (Page-79), Thermo chemistry (Page-96), Quantum Theory and The Electronic Structure of Atoms (Page-110), Periodic Relationships Among the Elements (Page-122), Chemical Bounding Basic Concepts (Page-133), Chemical Bounding II: Molecular Geometry and Molecular Orbitals (Page-145), Intermolecular Forces and Liquids and Solids (Page-162), Physical Properties of Solutions (Page-178), Chemical Kinetics (Page-199), Chemical Equilibrium (Page-216), Acids Base Equilibria (Page-247), Solubility Equilibria (Page-271), Entropy Free Energy and Equilibrium (Page-285), Electrochemistry (Page-297), Metallurgy and the Chemistry of Metals (Page-319), Nonmetallic Elements and their Compounds (Page-335), Transition Metal Chemistry and Coordination Compounds (Page-355), Nuclear Chemistry (Page-364), Organic Polymers Synthetic and Natural (Page-386), Industrial Chemistry (Page-390).  0aChemistry. 2ddccBK c183388d183388 00102ddc4070aMCSbMCScGENd2016-12-12o540,MILpMCS6373r2016-12-08w2016-12-12yBKzAlmirah No.25, Shelf No.2